| 000 | 01129nam a2200313 a 4500 | ||
|---|---|---|---|
| 001 | 000110678 | ||
| 003 | CHAP | ||
| 005 | 20230411181215.0 | ||
| 008 | 140924s2010 mx |r| |||0|||spa d | ||
| 010 | _a107140 | ||
| 011 | _a108112 | ||
| 020 | _a9786074013412 | ||
| 040 | _cCHAP | ||
| 245 | 0 | 0 |
_aMás allá de la reinvención del gobierno : _bfundamentos de la nueva gestión pública y presupuestos por resultados en América Latina / _cCoordinado por David Arellano Gault. |
| 250 | _a2 ed. | ||
| 260 |
_aMéxico, D.F. : _bCentro de Investigación y Doencia Eonómias _bPorrúa, _c2010. |
||
| 300 | _a734 p. | ||
| 490 | 0 | _aLas ciencias sociales | |
| 590 |
_aBATCH-UPD _b05 _c20140924 _lUCH01 _h1458 |
||
| 590 |
_aE11695DGD _b10 _c20140929 _lUCH01 _h1134 |
||
| 590 |
_aE11695DGD _b10 _c20140929 _lUCH01 _h1136 |
||
| 590 |
_aE5652GLJ _b05 _c20140924 _lUCH01 _h1457 |
||
| 650 | 1 | 4 |
_aAdministración pública _zAmérica Latina. _9128503 |
| 650 | 1 | 4 |
_aFinanzas públicas _xAmérica Latina. _940954 |
| 830 |
_aLas ciencias sociales. Segunda década (Miguel Ángel Porrúa) _965003 |
||
| 901 | _aBK | ||
| 942 | _cLIBRO | ||
| 942 | _n0 | ||
| 999 |
_c107140 _d107140 |
||